Ingeniería de sistemas aplicada a la creación de una planta productora de alambre de púas, en el departamento de Managua

Con esta investigación se ha determinado que el principal problema que afecta a la empresa CALBRI internacional en el mercado de alambre de púas, es la baja rentabilidad, caudada principalmente por la cancelación de los contratos de maquilaje y las condiciones ilimitadas de infraestructura. Para...

Full description

Bibliographic Details
Main Authors: Silva López, Ana Valeria, Vanegas Solís, Clarisa del Carmen., Delgadillo Matamoros, Santo
Other Authors: Tutor: Hernández, Boanerges
Format: Tesis Section = Libro
Language:Undetermined
Spanish
Published: Managua UNI 2001
Subjects:
LEADER 01257nam a2200253Ia 4500
008 240830s9999 xx 000 0 und d
040 |a BIBLIOTECA-RUPAP Mon 671.84 S586 
041 |a spa 
082 |a Mon 671.84 S586 
100 1 |a Silva López, Ana Valeria 
100 1 |b Vanegas Solís, Clarisa del Carmen. 
100 1 |c Delgadillo Matamoros, Santo 
245 1 0 |a Ingeniería de sistemas aplicada a la creación de una planta productora de alambre de púas, en el departamento de Managua 
260 |a Managua  |b UNI  |c 2001 
300 |a 140 p. :il. 
500 |a Contiene: anexos y cuadros. 
502 |a Tesis (Ingeniero de Sistemas)- UNI, 2001. 
520 3 |a Con esta investigación se ha determinado que el principal problema que afecta a la empresa CALBRI internacional en el mercado de alambre de púas, es la baja rentabilidad, caudada principalmente por la cancelación de los contratos de maquilaje y las condiciones ilimitadas de infraestructura. Para solventar estos problemas se ha propuesto la creación de una planta propia de la empresa.  
650 7 |a ALAMBRE DE PÚAS - PLANTA 
650 7 |b PRODUCCIÓN - ALAMBRES (EMPRESA CALIBRI). 
700 1 |a Tutor:  |b Hernández, Boanerges 
942 |c BK  |2 ddc 
991 |a TESIS 
999 |c 17797